| 000 | 01019nam0a22002411i 4500 | ||
|---|---|---|---|
| 001 | rc\3581860 | ||
| 005 | 20240723224614.0 | ||
| 021 |
_aRU _b[72-24345а] |
||
| 035 | _a(NLR Aleph) 007697675 | ||
| 090 |
_a6710770 _c6710770 |
||
| 100 | _a20130115d1972 |||y0rusy50 ca | ||
| 101 | 0 | _arus | |
| 102 | _aRU | ||
| 105 | _ay d ||||| | ||
| 200 | 1 |
_aАрхитектура аэровокзалов децентрализованного типа _e(Для крупных аэропортов СССР) _eАвтореф. дис. на соиск. учен. степени канд. архитектуры _e(00.02) _fМоск. архит. ин-т. Кафедра "Архит. проектирование обществ. зданий" |
|
| 210 |
_aМосква _d1972 |
||
| 215 | _a31 с. | ||
| 320 | _aСписок работ авт.: с. 31 (6 назв.) | ||
| 700 | 1 |
_aПисков _bМ.Г. _gМихаил Георгиевич |
|
| 801 | 0 |
_aRU _bNLR _gpsbo |
|
| 801 | 1 |
_aRU _bELAR _2rusmarc |
|
| 852 |
_aNLR _j73-4/13465 |
||
| 942 | _cBOOK | ||